Đánh giá môi trường chiến lược : Các dự án chiến lược,quy hoạch và kế hoạch phát triển

Sách dùng cho việc đánh giá môi trường chiến lược đồi với các dự án chiến lược, quy hoạch, kế hoạch phát triển cấp quốc gia, qui mô cả nước,..

Salvato in:
Dettagli Bibliografici
Autore principale: Phạm, Ngọc Đăng
Natura: Libro
Lingua:Undetermined
Pubblicazione: Hà Nội Khoa học và Kỹ thuật 2011
Soggetti:
Tags: Aggiungi Tag
Nessun Tag, puoi essere il primo ad aggiungerne! !
Thư viện lưu trữ: Trung tâm Học liệu Trường Đại học Cần Thơ
LEADER 00978nam a2200241Ia 4500
001 CTU_177489
008 210402s9999 xx 000 0 und d
020 |c 89000 
082 |a 333.72 
082 |b Đ116 
100 |a Phạm, Ngọc Đăng 
245 0 |a Đánh giá môi trường chiến lược : 
245 0 |b Các dự án chiến lược,quy hoạch và kế hoạch phát triển 
245 0 |c Phạm Ngọc Đăng 
260 |a Hà Nội 
260 |b Khoa học và Kỹ thuật 
260 |c 2011 
520 |a Sách dùng cho việc đánh giá môi trường chiến lược đồi với các dự án chiến lược, quy hoạch, kế hoạch phát triển cấp quốc gia, qui mô cả nước,.. 
650 |a Vietnam 
650 |x Natural resources 
650 |y Tài nguyên thiên nhiên 
904 |i Năm 
980 |a Trung tâm Học liệu Trường Đại học Cần Thơ